| 000 | 01126cam a2200289 i 4500 | ||
|---|---|---|---|
| 001 | 17595494 | ||
| 003 | OSt | ||
| 005 | 20230823110238.0 | ||
| 008 | 130118s2014 nyua b 001 0 eng | ||
| 010 | _a 2012049765 | ||
| 020 | _a9781259060762 | ||
| 020 | _a0078028981 (alk. paper) | ||
| 040 |
_aDLC _beng _cDLC _erda _dDLC |
||
| 042 | _apcc | ||
| 050 | 0 | 0 |
_aHF5415.13 _b.M369 2014 |
| 082 | 0 | 0 |
_a658.8 _223 _bPER/B |
| 100 | 1 |
_aPerreault, William D., _cJr. _99343 |
|
| 245 | 1 | 0 |
_aBasic marketing : _ba marketing strategy planning approach / _cWilliam D. Perreault, Jr., Ph.D. University of North Carolina, Joseph P. Cannon, Ph.D. Colorado State University, E. Jerome McCarthy, Ph.D. Michigan State University. |
| 250 | _a19th edition. | ||
| 264 | 1 |
_aNew York, NY : _bMcGraw-Hill Irwin, _c[2014] |
|
| 300 |
_axl, 726 pages : _bcolor illustrations ; _c29 cm |
||
| 504 | _aIncludes bibliographical references and index. | ||
| 650 | 0 |
_aMarketing _xManagement. |
|
| 700 | 1 |
_aCannon, Joseph P., _cPh. D. |
|
| 700 | 1 |
_aMcCarthy, E. Jerome _q(Edmund Jerome) |
|
| 942 |
_2ddc _cBK _h658.8 _iPER/B _k658.8 _mPER/B |
||
| 999 |
_c41961 _d41961 |
||